[Event "Venice Autumn op 18th"]
[Site "Venice"]
[Date "2012.11.03"]
[Round "5"]
[White "Gallo, Enrico"]
[Black "Pechy, Alaster"]
[Result "1/2-1/2"]
[WhiteElo "2092"]
[BlackElo "2186"]
[PlyCount "24"]
[EventDate "2012.11.01"]
[EventType "swiss"]
[EventRounds "6"]
[EventCountry "ITA"]
[SourceTitle "EXT 2013"]
[Source "ChessBase"]
[SourceDate "2012.11.22"]
[SourceVersion "1"]
[SourceVersionDate "2012.11.22"]
[SourceQuality "1"]

1. e4 c5 2. Nf3 Nc6 3. d4 cxd4 4. Nxd4 Nf6 5. Nc3 e5 6. Ndb5 d6 7. Bg5 a6 8. Na3 b5 9. Bxf6 gxf6 10. Nd5 f5 11. Bxb5 axb5 12. Nxb5 Ra4 1/2-1/2

[Event "Venice Autumn op 16th"]
[Site "Venice"]
[Date "2010.11.01"]
[Round "5.10"]
[White "Velluti, Alberto"]
[Black "Pechy, Alaster"]
[Result "0-1"]
[WhiteElo "1944"]
[BlackElo "2191"]
[PlyCount "48"]
[EventDate "2010.10.30"]
[EventType "swiss"]
[EventRounds "5"]
[EventCountry "ITA"]
[SourceTitle "EXT 2011"]
[Source "ChessBase"]
[SourceDate "2010.11.26"]
[SourceVersion "1"]
[SourceVersionDate "2010.11.26"]
[SourceQuality "1"]

1. e4 c5 2. b3 Nc6 3. Bb2 d6 4. Nf3 e6 5. d4 cxd4 6. Nxd4 Bd7 7. Nc3 Nf6 8. Be2 Be7 9. 0-0 a6 10. Qd2 Qb6 11. Rad1 Rc8 12. Nf3 0-0 13. Na4 Qc7 14. Bxf6 gxf6 15. c4 Ne5 16. Nb2 Bc6 17. Qe3 Kh8 18. Nd3 Rg8 19. Nfxe5 fxe5 20. g3 Bg5 21. f4 exf4 22. Nxf4 e5 23. Qc3 Bxe4 24. Nd5 Qc5+ 0-1

[Event "Chioggia op-A 05th"]
[Site "Chioggia"]
[Date "2010.10.10"]
[Round "5"]
[White "Mrdja, Milan"]
[Black "Pechy, Alaster"]
[Result "1-0"]
[WhiteElo "2393"]
[BlackElo "2191"]
[PlyCount "68"]
[EventDate "2010.10.08"]
[EventType "swiss"]
[EventRounds "5"]
[EventCountry "ITA"]
[SourceTitle "EXT 2022"]
[Source "ChessBase"]
[SourceDate "2021.10.06"]
[SourceVersion "1"]
[SourceVersionDate "2021.10.06"]
[SourceQuality "1"]

1. e4 d6 2. d4 Nf6 3. Nc3 e5 4. Nge2 Nc6 5. h3 g6 6. Be3 Bg7 7. g3 0-0 8. Bg2 Bd7 9. d5 Ne7 10. Qd2 b5 11. a3 a5 12. 0-0 Ne8 13. f4 f5 14. fxe5 Bxe5 15. Bd4 Bxd4+ 16. Nxd4 Rb8 17. exf5 Nxf5 18. Nxf5 Rxf5 19. Ne2 b4 20. Rxf5 Bxf5 21. axb4 axb4 22. Nd4 Bd7 23. Rf1 Qe7 24. Rf4 Nf6 25. Kh2 Qe5 26. b3 Kg7 27. Ne2 Re8 28. Nc1 Nh5 29. Rf3 Bf5 30. Qxb4 Be4 31. Re3 Nxg3 32. Rxg3 Bxg2 33. Nd3 Qxd5 34. Nf4 Qc5 1-0

[Event "Erba op 4th"]
[Site "Erba"]
[Date "2010.03.07"]
[Round "4"]
[White "Janeva, Mariya"]
[Black "Pechy, Alaster"]
[Result "0-1"]
[WhiteElo "2042"]
[BlackElo "2202"]
[PlyCount "92"]
[EventDate "2010.03.05"]
[EventType "swiss"]
[EventRounds "5"]
[EventCountry "ITA"]
[SourceTitle "EXT 2024"]
[Source "ChessBase"]
[SourceDate "2023.10.10"]
[SourceVersion "1"]
[SourceVersionDate "2023.10.10"]
[SourceQuality "1"]

1. c4 e5 2. Nc3 f5 3. d3 Nf6 4. g3 c6 5. Bg2 d6 6. e3 g6 7. Nge2 Bg7 8. 0-0 0-0 9. Bd2 Na6 10. a3 Nc7 11. b4 d5 12. Qc2 dxc4 13. dxc4 e4 14. Nd4 Ne6 15. Nce2 Ng4 16. Bc3 Ne5 17. Nxe6 Bxe6 18. Bxe5 Bxe5 19. Rad1 Qe7 20. Rd2 a5 21. Rb1 axb4 22. axb4 Ra3 23. Nd4 Bf7 24. Bf1 Rfa8 25. Qd1 Rc3 26. c5 Bd5 27. Rc2 Rxc2 28. Qxc2 Qf6 29. Qd1 Rd8 30. Rb2 Bf7 31. Rd2 g5 32. Bh3 h5 33. Ne2 Rxd2 34. Qxd2 Be6 35. Bf1 Bd5 36. Bh3 h4 37. Nd4 f4 38. gxf4 gxf4 39. Qd1 f3 40. Kh1 Bxd4 41. exd4 e3 42. Kg1 Qg7+ 43. Kh1 Qg5 44. Qa4 Kg7 45. Bf1 Kh6 46. h3 e2 0-1

[Event "Venice Autumn op 15th"]
[Site "Venice"]
[Date "2009.11.01"]
[Round "4"]
[White "Vincenzi, Marco"]
[Black "Pechy, Alaster"]
[Result "0-1"]
[WhiteElo "2078"]
[BlackElo "2186"]
[PlyCount "48"]
[EventDate "2009.10.30"]
[EventType "swiss"]
[EventRounds "5"]
[EventCountry "ITA"]
[SourceTitle "EXT 2012"]
[Source "ChessBase"]
[SourceDate "2011.11.24"]
[SourceVersion "1"]
[SourceVersionDate "2011.11.24"]
[SourceQuality "1"]

1. e4 c5 2. Nf3 d6 3. d4 cxd4 4. Nxd4 Nf6 5. Nc3 g6 6. Be3 Bg7 7. f3 0-0 8. Qd2 Nc6 9. Bc4 Bd7 10. 0-0-0 Qa5 11. h4 Rac8 12. Bb3 Ne5 13. h5 Nxh5 14. g4 Nf6 15. Bh6 Bxh6 16. Qxh6 Rxc3 17. bxc3 Qxc3 18. Kb1 Rc8 19. Ne2 Qxf3 20. Nf4 Nexg4 21. Qg5 Rc5 22. Nd5 Nxd5 23. Bxd5 Rb5+ 24. Bb3 Rxg5 0-1

[Event "Venice Autumn op 15th"]
[Site "Venice"]
[Date "2009.10.31"]
[Round "2"]
[White "Pechy, Alaster"]
[Black "Pagnutti, Lorenzo"]
[Result "1-0"]
[WhiteElo "2186"]
[BlackElo "2107"]
[PlyCount "83"]
[EventDate "2009.10.30"]
[EventType "swiss"]
[EventRounds "5"]
[EventCountry "ITA"]
[SourceTitle "EXT 2012"]
[Source "ChessBase"]
[SourceDate "2011.11.24"]
[SourceVersion "1"]
[SourceVersionDate "2011.11.24"]
[SourceQuality "1"]

1. d4 Nf6 2. c4 g6 3. Nc3 Bg7 4. e4 d6 5. f3 0-0 6. Be3 c6 7. Qd2 Nbd7 8. Bd3 e5 9. d5 cxd5 10. cxd5 Nc5 11. Bc2 b6 12. b4 Na6 13. a3 Nh5 14. Nge2 Nc7 15. 0-0 Bd7 16. Rfc1 Rc8 17. a4 Na6 18. Nb5 Bxb5 19. axb5 Nc7 20. Bd3 Ra8 21. Ra2 Qd7 22. Rc6 f5 23. Qc1 Rf7 24. Bxb6 axb6 25. Rxc7 Qxc7 26. Rxa8+ Bf8 27. Qxc7 Rxc7 28. exf5 gxf5 29. Rb8 Nf6 30. Bxf5 Kg7 31. Be6 Rc4 32. Rxb6 Rxb4 33. Rb8 Nh5 34. g4 Nf4 35. Nxf4 exf4 36. g5 Rb1+ 37. Kg2 Rb2+ 38. Kh3 Rf2 39. Kg4 Rxh2 40. Kf5 h5 41. Rb7+ Kh8 42. Kg6 1-0

[Event "Chioggia op-A 04th"]
[Site "Chioggia"]
[Date "2009.10.11"]
[Round "5"]
[White "Pechy, Alaster"]
[Black "Campagnola, Giacomo"]
[Result "1-0"]
[WhiteElo "2186"]
[BlackElo "1830"]
[PlyCount "63"]
[EventDate "2009.10.09"]
[EventType "swiss"]
[EventRounds "5"]
[EventCountry "ITA"]
[SourceTitle "EXT 2022"]
[Source "ChessBase"]
[SourceDate "2021.10.06"]
[SourceVersion "1"]
[SourceVersionDate "2021.10.06"]
[SourceQuality "1"]

1. d4 Nf6 2. c4 g6 3. Nc3 d6 4. e4 Bg7 5. f3 Nbd7 6. Be3 e5 7. Nge2 Nb6 8. dxe5 dxe5 9. Qxd8+ Kxd8 10. 0-0-0+ Ke7 11. Nd5+ Nfxd5 12. cxd5 Bd7 13. Nc3 Rhd8 14. g4 Ke8 15. Nb5 Bxb5 16. Bxb5+ Kf8 17. Kb1 Kg8 18. Rc1 Rac8 19. Rc2 a6 20. Be2 Bf8 21. Rhc1 Na8 22. f4 Bd6 23. f5 Rd7 24. f6 Re8 25. Rc3 Rdd8 26. Bh6 Nb6 27. Rh3 Nd7 28. Bg7 Bf8 29. Bxf8 Rxf8 30. g5 Rc8 31. Bg4 Rfd8 32. Rhc3 1-0

[Event "Chioggia op-A 04th"]
[Site "Chioggia"]
[Date "2009.10.10"]
[Round "3"]
[White "Pechy, Alaster"]
[Black "Damia, Angelo"]
[Result "1/2-1/2"]
[WhiteElo "2186"]
[BlackElo "2301"]
[PlyCount "105"]
[EventDate "2009.10.09"]
[EventType "swiss"]
[EventRounds "5"]
[EventCountry "ITA"]
[SourceTitle "EXT 2022"]
[Source "ChessBase"]
[SourceDate "2021.10.06"]
[SourceVersion "1"]
[SourceVersionDate "2021.10.06"]
[SourceQuality "1"]

1. d4 b6 2. c4 Bb7 3. Nc3 e6 4. e4 Bb4 5. f3 f5 6. e5 Ne7 7. a3 Bxc3+ 8. bxc3 0-0 9. Nh3 Ng6 10. g3 Nc6 11. Bd3 d6 12. exd6 Qxd6 13. a4 Rfe8 14. Ba3 Qd7 15. 0-0 Rad8 16. Be2 e5 17. d5 Nce7 18. Ng5 Nf8 19. Qb3 h6 20. Nh3 Nc8 21. Rad1 Qf7 22. a5 Kh8 23. Rd2 Qg6 24. Rfd1 Ba6 25. Kg2 c5 26. dxc6 Rxd2 27. Rxd2 Qxc6 28. axb6 Qxb6 29. Qxb6 axb6 30. Bxf8 Rxf8 31. c5 Bxe2 32. Rxe2 Re8 33. cxb6 Nxb6 34. Nf4 Nc4 35. g4 g5 36. Nd5 Kg7 37. Ne3 Nxe3+ 38. Rxe3 Kf6 39. Rd3 fxg4 40. fxg4 e4 41. Rd6+ Ke5 42. Rxh6 Rc8 43. h4 gxh4 44. Rxh4 Rxc3 45. g5 Kf5 46. g6 Rc6 47. Rh5+ Kg4 48. g7 Rg6 49. Rh7 e3 50. Kf1 Kf3 51. g8Q Rxg8 52. Rf7+ Ke4 53. Re7+ 1/2-1/2

[Event "Padova op-B 11th"]
[Site "Padova"]
[Date "2008.12.20"]
[Round "4.3"]
[White "Gennari, Leone"]
[Black "Pechy, Alaster"]
[Result "0-1"]
[WhiteElo "2026"]
[BlackElo "2187"]
[PlyCount "64"]
[EventDate "2008.12.13"]
[EventType "swiss"]
[EventRounds "6"]
[EventCountry "ITA"]
[SourceTitle "EXT 2024"]
[Source "ChessBase"]
[SourceDate "2023.10.10"]
[SourceVersion "1"]
[SourceVersionDate "2023.10.10"]
[SourceQuality "1"]

1. e4 d6 2. g3 Nf6 3. Bg2 c5 4. d3 Nc6 5. f4 Bg4 6. Nf3 e6 7. c3 d5 8. e5 Nd7 9. 0-0 Qb6 10. h3 Bh5 11. Nbd2 Bg6 12. Ne1 0-0-0 13. Kh2 f6 14. exf6 gxf6 15. Ndf3 Bd6 16. d4 Be4 17. dxc5 Bxc5 18. Nd3 Bd6 19. Nf2 Rhg8 20. Nxe4 dxe4 21. Nd4 Nxd4 22. cxd4 f5 23. Qa4 Nf6 24. Bd2 Bc7 25. Rfc1 Kb8 26. Rc5 Qxb2 27. Bc3 Qf2 28. Be1 Qxd4 29. Qxd4 Rxd4 30. Bc3 Rd3 31. Bxf6 Rdxg3 32. Bg5 R3xg5 0-1

[Event "Chioggia op-A 03rd"]
[Site "Chioggia"]
[Date "2008.10.12"]
[Round "4"]
[White "Pechy, Alaster"]
[Black "Marholev, Dimitar"]
[Result "0-1"]
[WhiteElo "2187"]
[BlackElo "2421"]
[PlyCount "66"]
[EventDate "2008.10.10"]
[EventType "swiss"]
[EventRounds "5"]
[EventCountry "ITA"]
[SourceTitle "EXT 2022"]
[Source "ChessBase"]
[SourceDate "2021.10.06"]
[SourceVersion "1"]
[SourceVersionDate "2021.10.06"]
[SourceQuality "1"]

1. d4 Nf6 2. c4 g6 3. Nc3 Bg7 4. e4 d6 5. f3 0-0 6. Be3 Nbd7 7. Qd2 c5 8. Nge2 a6 9. d5 Ne5 10. Ng3 e6 11. h3 exd5 12. cxd5 b5 13. f4 Ned7 14. Be2 Re8 15. Bf3 Nb6 16. Nd1 Nc4 17. Qc1 Bb7 18. 0-0 Nxd5 19. exd5 Nxe3 20. Nxe3 Rxe3 21. Qxe3 Bd4 22. Qxd4 cxd4 23. Rad1 Qf6 24. Ne2 Re8 25. Rd3 Re3 26. Rfd1 Rxd3 27. Rxd3 Qf5 28. Rxd4 Qb1+ 29. Kf2 Qxb2 30. f5 gxf5 31. Kg3 Qxa2 32. Kf4 Bc8 33. Kg5 Kg7 0-1

[Event "Chioggia op-A 03rd"]
[Site "Chioggia"]
[Date "2008.10.11"]
[Round "3"]
[White "Reginato, Sabrina"]
[Black "Pechy, Alaster"]
[Result "0-1"]
[WhiteElo "1818"]
[BlackElo "2187"]
[PlyCount "48"]
[EventDate "2008.10.10"]
[EventType "swiss"]
[EventRounds "5"]
[EventCountry "ITA"]
[SourceTitle "EXT 2022"]
[Source "ChessBase"]
[SourceDate "2021.10.06"]
[SourceVersion "1"]
[SourceVersionDate "2021.10.06"]
[SourceQuality "1"]

1. e4 c5 2. Nf3 Nc6 3. d4 cxd4 4. Nxd4 Nf6 5. Nc3 e5 6. Ndb5 d6 7. Nd5 Nxd5 8. exd5 Nb8 9. c3 Be7 10. Be3 a6 11. Qa4 0-0 12. Bd3 f5 13. f3 Nd7 14. Na3 Nf6 15. Rd1 e4 16. fxe4 fxe4 17. Bxe4 b5 18. Qd4 Nxe4 19. Qxe4 Bh4+ 20. Kd2 Re8 21. Qd3 Rxe3 22. Kxe3 Qg5+ 23. Ke2 Qxg2+ 24. Ke3 Qf2+ 0-1

[Event "Padova op-B 10th"]
[Site "Padova"]
[Date "2007.12.23"]
[Round "5.1"]
[White "Pechy, Alaster"]
[Black "Cacco, Christian"]
[Result "1-0"]
[WhiteElo "2165"]
[BlackElo "2284"]
[PlyCount "89"]
[EventDate "2007.12.15"]
[EventType "swiss"]
[EventRounds "6"]
[EventCountry "ITA"]
[SourceTitle "EXT 2024"]
[Source "ChessBase"]
[SourceDate "2023.10.10"]
[SourceVersion "1"]
[SourceVersionDate "2023.10.10"]
[SourceQuality "1"]

1. e4 g6 2. d4 Bg7 3. Nc3 c5 4. Nge2 Na6 5. Be3 Nf6 6. f3 Qa5 7. Nc1 cxd4 8. Nb3 Qc7 9. Nxd4 d6 10. Qd2 Nc5 11. 0-0-0 a6 12. Kb1 h5 13. h4 Be6 14. Nxe6 fxe6 15. e5 dxe5 16. Bxc5 Qxc5 17. Bd3 Kf7 18. Ne4 Nxe4 19. Bxe4 Bf6 20. Qd3 Rhg8 21. g4 hxg4 22. fxg4 g5 23. h5 Qb6 24. Qb3 Qxb3 25. axb3 Rab8 26. Rd7 b6 27. Rhd1 a5 28. c3 Rgc8 29. Kc2 Kg8 30. Ra7 Rd8 31. Rb7 Kf7 32. Rxd8 Rxd8 33. Rxb6 Rd6 34. Rb8 Ra6 35. h6 a4 36. h7 axb3+ 37. Kxb3 Ra1 38. h8Q Bxh8 39. Rxh8 Re1 40. Bc6 e4 41. Rh2 Kf6 42. Kc4 Ke5 43. b4 Kf4 44. b5 e3 45. b6 1-0

[Event "Venice Autumn op 13th"]
[Site "Venice"]
[Date "2007.11.02"]
[Round "2"]
[White "Pechy, Alaster"]
[Black "Faccia, Sergio"]
[Result "1-0"]
[WhiteElo "2165"]
[BlackElo "2071"]
[PlyCount "65"]
[EventDate "2007.11.01"]
[EventType "swiss"]
[EventRounds "6"]
[EventCountry "ITA"]
[SourceTitle "EXT 2008"]
[Source "ChessBase"]
[SourceDate "2007.11.25"]
[SourceVersion "1"]
[SourceVersionDate "2007.11.25"]
[SourceQuality "1"]

1. d4 Nf6 2. Nf3 g6 3. g3 Bg7 4. Bg2 0-0 5. c4 d6 6. 0-0 c5 7. dxc5 dxc5 8. Nc3 Nc6 9. Be3 Qa5 10. Qa4 Qb6 11. Qb5 Bd7 12. Na4 Qxb5 13. cxb5 Na5 14. Nxc5 Bxb5 15. Nd4 Bc4 16. b4 Nc6 17. Rac1 Bxa2 18. Nxc6 bxc6 19. Bxc6 Rac8 20. Nd3 Rc7 21. Ra1 Rxc6 22. Rxa2 a6 23. Rc1 Rfc8 24. Rxc6 Rxc6 25. Nc5 Nd5 26. Rxa6 Rxa6 27. Nxa6 Nxe3 28. fxe3 Bc3 29. b5 Ba5 30. Nc5 Kf8 31. b6 Ke8 32. b7 Bc7 33. Na6 1-0

[Event "Venice Autumn op 13th"]
[Site "Venice"]
[Date "2007.11.01"]
[Round "1"]
[White "Rezzuti, Vincenzo"]
[Black "Pechy, Alaster"]
[Result "1/2-1/2"]
[WhiteElo "2017"]
[BlackElo "2165"]
[PlyCount "134"]
[EventDate "2007.11.01"]
[EventType "swiss"]
[EventRounds "6"]
[EventCountry "ITA"]
[SourceTitle "EXT 2008"]
[Source "ChessBase"]
[SourceDate "2007.11.25"]
[SourceVersion "1"]
[SourceVersionDate "2007.11.25"]
[SourceQuality "1"]

1. e4 c5 2. d4 cxd4 3. c3 d3 4. Bxd3 Nc6 5. Nf3 g6 6. 0-0 Bg7 7. a3 Nf6 8. c4 0-0 9. Nc3 d6 10. h3 Bd7 11. Bg5 h6 12. Be3 Kh7 13. Rc1 Be6 14. Nd5 Nd7 15. Rc2 Nc5 16. Nf4 Bd7 17. b4 Nxd3 18. Nxd3 Be6 19. Nf4 Qd7 20. Nxe6 Qxe6 21. Qd5 Rfc8 22. Rfc1 Nd8 23. Bd4 Rc7 24. Bxg7 Kxg7 25. Nd4 Qf6 26. Nb5 Rc6 27. c5 a6 28. Nd4 e6 29. Qc4 Rc7 30. Qd3 dxc5 31. Rxc5 Rxc5 32. Rxc5 e5 33. Nf3 Nc6 34. Qc3 Re8 35. Rd5 Re6 36. a4 Rd6 37. Qc5 Re6 38. b5 b6 39. Qc3 axb5 40. axb5 Nd4 41. Nxd4 exd4 42. Qxd4 Qxd4 43. Rxd4 Re5 44. Rb4 g5 45. f3 Kf6 46. Kf2 Rc5 47. Rb2 Ke5 48. Ke3 Rc3+ 49. Kf2 Kd4 50. Rd2+ Rd3 51. Rc2 Rc3 52. Ra2 Rc5 53. Ra7 f5 54. exf5 Rxf5 55. Rh7 Kc5 56. Rxh6 Kxb5 57. h4 gxh4 58. Rxh4 Kc5 59. g4 Rf8 60. Rh5+ Kc4 61. Rh7 Rb8 62. g5 b5 63. f4 b4 64. Ke3 b3 65. Rc7+ Kd5 66. Rc1 b2 67. Rb1 Ke6 1/2-1/2

[Event "Veneto-ch qf 67th"]
[Site "Arqua Petrarca"]
[Date "2007.05.13"]
[Round "6.3"]
[White "Navarro, Stefano"]
[Black "Pechy, Alaster"]
[Result "1/2-1/2"]
[WhiteElo "2232"]
[BlackElo "2156"]
[PlyCount "61"]
[EventDate "2007.05.05"]
[EventType "swiss"]
[EventRounds "6"]
[EventCountry "ITA"]
[SourceTitle "EXT 2024"]
[Source "ChessBase"]
[SourceDate "2023.10.10"]
[SourceVersion "1"]
[SourceVersionDate "2023.10.10"]
[SourceQuality "1"]

1. e4 c5 2. Nf3 Nc6 3. d4 cxd4 4. Nxd4 Nf6 5. Nc3 e5 6. Ndb5 d6 7. a4 a6 8. Na3 Be7 9. Bg5 Be6 10. Bc4 0-0 11. Bxf6 Bxf6 12. 0-0 Rc8 13. Nd5 Nb4 14. Qd2 Nxd5 15. Bxd5 Bg5 16. Qd3 Qc7 17. Rad1 Bxd5 18. Qxd5 Be7 19. b3 Qc5 20. Nc4 b5 21. axb5 axb5 22. Qxc5 Rxc5 23. Nxd6 Bxd6 24. Rxd6 Rxc2 25. Rb6 Re2 26. Rxb5 Rxe4 27. Rc1 Re2 28. g3 e4 29. Rc3 g6 30. Rb7 Rd8 31. Rcc7 1/2-1/2

[Event "Veneto-ch qf 67th"]
[Site "Arqua Petrarca"]
[Date "2007.05.13"]
[Round "5"]
[White "Pechy, Alaster"]
[Black "Broli, Carlo"]
[Result "1-0"]
[WhiteElo "2156"]
[BlackElo "1893"]
[PlyCount "117"]
[EventDate "2007.05.05"]
[EventType "swiss"]
[EventRounds "6"]
[EventCountry "ITA"]
[SourceTitle "EXT 2024"]
[Source "ChessBase"]
[SourceDate "2023.10.10"]
[SourceVersion "1"]
[SourceVersionDate "2023.10.10"]
[SourceQuality "1"]

1. d4 d5 2. c4 e6 3. Nc3 Nf6 4. Bg5 Be7 5. e3 Nbd7 6. Nf3 0-0 7. Qc2 c5 8. 0-0-0 b6 9. Ne5 Bb7 10. cxd5 cxd4 11. exd4 Nxd5 12. Bxe7 Qxe7 13. Kb1 Rac8 14. Nxd5 Bxd5 15. Qd2 Rfd8 16. f4 Nf6 17. Bd3 Qb7 18. Rhg1 Be4 19. Qe3 Bxd3+ 20. Rxd3 Qe4 21. Qxe4 Nxe4 22. Rgd1 Nf6 23. g3 Nd5 24. a3 b5 25. Rb3 a6 26. Rc1 Rxc1+ 27. Kxc1 Nb6 28. Rc3 Rc8 29. Kd2 f6 30. Rxc8+ Nxc8 31. Nd7 Nd6 32. Nc5 Kf7 33. Nxa6 h6 34. Nc7 Ke7 35. Na6 g5 36. fxg5 fxg5 37. b3 h5 38. Kd3 h4 39. gxh4 gxh4 40. Nc5 Nf5 41. Ne4 Kd7 42. Nc3 Nd6 43. Ke3 Kc6 44. Kf4 Kb6 45. Kg5 Nf5 46. d5 Nd4 47. dxe6 Nxe6+ 48. Kxh4 Nd4 49. b4 Nc2 50. Nb1 Kc6 51. Kg5 Nd4 52. h4 Nf3+ 53. Kg4 Ne5+ 54. Kf5 Nf7 55. Ke6 Nh6 56. Nc3 Ng4 57. Nd5 Nh6 58. Ne3 Ng8 59. Nf5 1-0

[Event "Calvia op 3rd"]
[Site "Calvia"]
[Date "2006.10.22"]
[Round "3"]
[White "Pechy, Alaster"]
[Black "Laylo, Darwin"]
[Result "0-1"]
[WhiteElo "2176"]
[BlackElo "2448"]
[PlyCount "50"]
[EventDate "2006.10.20"]
[EventType "swiss"]
[EventRounds "9"]
[EventCountry "ESP"]
[SourceTitle "EXT 2007"]
[Source "ChessBase"]
[SourceDate "2006.11.23"]
[SourceVersion "1"]
[SourceVersionDate "2006.11.23"]
[SourceQuality "1"]

1. e4 c5 2. Nf3 e6 3. Nc3 a6 4. d4 cxd4 5. Nxd4 Qc7 6. Be3 Nf6 7. a3 b5 8. Be2 Bb7 9. f3 d5 10. exd5 Nxd5 11. Nxd5 Bxd5 12. Qd2 Nd7 13. 0-0 Bd6 14. g3 Nb6 15. b3 Bc5 16. Bd3 0-0 17. Qf2 Nd7 18. Rfc1 Rfc8 19. Be2 Qd6 20. c4 bxc4 21. bxc4 Bb7 22. Rd1 Qe7 23. Nb3 Bxe3 24. Qxe3 Rc7 25. Rac1 Qxa3 0-1

[Event "ITA-ch sf 66th"]
[Site "Cortina d'Ampezzo"]
[Date "2006.07.11"]
[Round "3.9"]
[White "Pechy, Alaster"]
[Black "Vocaturo, Daniele"]
[Result "0-1"]
[WhiteElo "2169"]
[BlackElo "2410"]
[PlyCount "42"]
[EventDate "2006.07.09"]
[EventType "swiss"]
[EventRounds "9"]
[EventCountry "ITA"]
[SourceTitle "EXT 2023"]
[Source "ChessBase"]
[SourceDate "2022.10.05"]
[SourceVersion "1"]
[SourceVersionDate "2022.10.05"]
[SourceQuality "1"]

1. e4 c5 2. Nf3 d6 3. d4 cxd4 4. Nxd4 Nf6 5. Nc3 g6 6. Be3 Bg7 7. f3 0-0 8. Bc4 Nc6 9. Qd2 Bd7 10. 0-0-0 Qa5 11. Kb1 Rfc8 12. Bb3 Ne5 13. g4 Nc4 14. Bxc4 Rxc4 15. h4 Rac8 16. h5 Rxc3 17. bxc3 Bxg4 18. h6 Bxf3 19. hxg7 Nxe4 20. Qh2 Nxc3+ 21. Kc1 Qa3+ 0-1

[Event "Veneto Region-ch"]
[Site "Arqua Petrarca"]
[Date "2006.05.07"]
[Round "3"]
[White "Pechy, Alaster"]
[Black "Belloni, Umberto"]
[Result "1-0"]
[WhiteElo "2199"]
[BlackElo "1915"]
[PlyCount "67"]
[EventDate "2006.05.06"]
[EventType "swiss"]
[EventRounds "6"]
[EventCountry "ITA"]
[SourceTitle "EXT 2011"]
[Source "ChessBase"]
[SourceDate "2010.11.26"]
[SourceVersion "1"]
[SourceVersionDate "2010.11.26"]
[SourceQuality "1"]

1. d4 d5 2. c4 c6 3. Nc3 e6 4. Nf3 Bd6 5. e4 dxe4 6. Nxe4 Bb4+ 7. Bd2 Be7 8. Bc3 Nf6 9. Ng3 0-0 10. Qc2 Nbd7 11. Bd3 g6 12. 0-0-0 Qc7 13. h4 b5 14. c5 Nd5 15. h5 Nxc3 16. bxc3 Qf4+ 17. Kb1 Qf6 18. hxg6 fxg6 19. Rh6 Qg7 20. Rdh1 Rf6 21. Rxh7 Qxh7 22. Rxh7 Kxh7 23. Nh5 Rf5 24. Bxf5 exf5 25. Qe2 Bf8 26. Ng5+ Kh6 27. Nf7+ Kh7 28. Ng5+ Kh6 29. f4 Nxc5 30. Nf7+ Kh7 31. dxc5 gxh5 32. Qxh5+ Kg7 33. Ng5 Be6 34. Nxe6+ 1-0

[Event "Veneto Region-ch"]
[Site "Arqua Petrarca"]
[Date "2006.05.06"]
[Round "1"]
[White "Pechy, Alaster"]
[Black "Rosina, Graziano"]
[Result "1-0"]
[WhiteElo "2199"]
[BlackElo "1772"]
[PlyCount "45"]
[EventDate "2006.05.06"]
[EventType "swiss"]
[EventRounds "6"]
[EventCountry "ITA"]
[SourceTitle "EXT 2011"]
[Source "ChessBase"]
[SourceDate "2010.11.26"]
[SourceVersion "1"]
[SourceVersionDate "2010.11.26"]
[SourceQuality "1"]

1. d4 d5 2. c4 c6 3. Nc3 Nf6 4. Nf3 e6 5. e3 Nbd7 6. Qc2 Qc7 7. Bd3 Be7 8. 0-0 dxc4 9. Bxc4 b5 10. Bd3 a6 11. e4 e5 12. Nd5 Nxd5 13. exd5 c5 14. dxe5 Nxe5 15. Nxe5 Qxe5 16. Bd2 Qd6 17. Rfe1 Kd8 18. Ba5+ Ke8 19. Bc3 Bb7 20. Be5 Qxd5 21. Be4 Qd7 22. Bxb7 Qxb7 23. Bd6 1-0